Ochrana a racionálne využitie genofondu rastlín a živočíchov

Podrobná bibliografia
Hlavný autor: Gregor, Jozef (Autor)
Médium: Článok
Jazyk:slovenčina
Fyzický popis:Obr. 4.
Predmet:

MARC

LEADER 00000nab a2200000 a 4500
001 vtls000292121
003 SK-MaSNL
005 20260304212650.0
008 250422c1987 xo 0 slo
015 |a SNBRA19rr/mm-uuuuu 
035 |a CL0302240 
035 |a urn:nbn:sk:snk-ab9zyw 
035 |a (urnnbn)urn:nbn:sk:snk:ar-a0972g 
035 |a (uuid)e8132186-b7b5-4cd5-8eb9-f9bb53cc4ea0 
040 |a SNKBUCL  |b slo  |c SNKBUCL  |e AACR2 
041 0 |a slo 
044 |a xo  |c SK 
080 |a 502  |2 1981 
100 1 |a Gregor, Jozef  |4 aut  |9 270703 
245 1 0 |a Ochrana a racionálne využitie genofondu rastlín a živočíchov  |c Jozef Gregor 
300 |b Obr. 4. 
650 0 7 |a rastliny  |2 snkbucl  |9 690 
650 0 7 |a živočíchy  |2 snkbucl  |9 1094 
650 0 7 |a genofondy  |2 snkbucl  |9 1660 
655 7 |a články zo zborníkov  |2 snkbucl  |9 166140 
773 0 |t Chránené územia Slovenska 8  |d Bratislava : Obzor, 1987  |g S. 1-4 
850 |a Slovenská národná knižnica 
852 |a Slovenská národná knižnica 
954 |a odborná, vedecká literatúra pôvodná (slovenská)  |2 lita 
958 |a article13 
958 |a RK 
958 |a OND 
958 |a EUIPO 
992 |a RZB 
999 |c 3132429  |d 3134359